All Etherians from Monsters of Etheria - Statistics

General Stats
  • This quiz has been taken 41 times
    12 since last reset
  • The average score is 31 of 145
Answer Stats
Type Answer % Correct
Dark (Dark / Aether until 7/18/2020) Magu
71%
Terra / Grass Terroot
71%
Basic Boxling
57%
Water / Poison Ribbomb
57%
Electric / Ghost Eletoid
43%
Dark / Ghost Ghourien
43%
Fire Kindite
43%
Fighting (Basic / Fighting until 23/08/2019) Kungafoo
43%
Dark / Ghost (Ghost / Aether until 7/18/2020) Maguca
43%
Dragon / Poison Poigon
43%
Ghost Spookims
43%
Light / Fire (Rose Form) Light / Ghost (Violet Form) Aizune
29%
Bug / Metal Aralon
29%
Fire / Dark Avalucard
29%
Wind / Cosmic (Poison / Cosmic until 02/02/2019) (Poison / Wind until 12/01/2018) Avien
29%
Bug / Fighting (Bug until 9/19/2020) Behero
29%
Bug / Basic Braybug
29%
Basic / Fighting Broxl (Formerly Boxer)
29%
Wind / Grass Cachick
29%
Poison Carapinch
29%
Terra / Water Cromite
29%
Ice Cryoball
29%
Ice Cryoclops
29%
Bug / Metal Eidlon
29%
Electric / Ghost Electris
29%
Bug / Basic Equoon
29%
Wind / Electric Flyden
29%
Terra / Metal Golsper
29%
Terra / Metal Irasper
29%
Fighting (Basic / Fighting until 23/08/2019) Kangarate
29%
Light / Psychic Kitsakura
29%
Ghost / Psychic Lockspectre
29%
Dark / Bug (Removed) Lunachnid
29%
Grass Mabiki
29%
Dark (Dark / Aether until 7/18/2020) Magecci
29%
Fire / Dark (Fire until 9/19/2020) Magmantle
29%
Metal Moneyhog
29%
Bug / Wind Mulegant
29%
Terra / Ghost (Terra / Wind until 6/20/2020) Munstorm
29%
Metal Oinkoin
29%
Water / Dragon Salablinder
29%
Ghost Scarims
29%
Bug / Dragon Secton
29%
Fire Sizzlit
29%
Dragon / Poison Skrimmrah
29%
Bug Snik
29%
Ghost Spectrability
29%
Dark / Bug (Removed) Spidumbra
29%
Fire / Bug Stingferno
29%
Metal Swinance
29%
Basic Tarabi
29%
Ghost / Basic Teap
29%
Dragon / Dark Umbris
29%
Cosmic Vacrunch
29%
Fire / Dark Vampyro
29%
Fighting Velveal
29%
Metal / Electric (Electric until 12/15/2018) Watchbot
29%
Psychic Alchare
14%
Bug / Water Amenby
14%
Water / Metal Atlantitan
14%
Cosmic / Dark Bascurus
14%
Bug / Fighting (Bug until 9/19/2020) Beetherion
14%
Grass Botanicat
14%
Grass / Fighting Cactadore
14%
Grass / Fighting Cactikid
14%
Grass / Fighting Cactilibre
14%
Ice / Metal Chambrr
14%
Basic Chromago
14%
Grass Clovurr
14%
Grass / Dragon Cocolossus
14%
Fire / Terra Crimortar
14%
Psychic / Light Dalladoodle
14%
Water / Poison Detoadnate
14%
Terra Duram
14%
Dark Edgehog
14%
Wind / Basic Egglet
14%
Electric Elekity
14%
Grass / Wind Florafluff
14%
Water / Poison Frodiary
14%
Basic Fromouda
14%
Terra / Grass Gaiarth
14%
Electric / Dragon Galvant
14%
Terra / Grass Geminirt
14%
Bug / Water Gerridirah
14%
Metal / Fire Golven
14%
Basic Goudrowsy
14%
Ice Growdy
14%
Water Harfin
14%
Wind / Grass Hawctus
14%
Dark Hedgelord
14%
Basic Honumb
14%
Grass Huskot
14%
Water / Dragon Hyd-dra
14%
Fire / Metal Ignititan
14%
Bug / Poison (Bug / Dark until 7/18/2020) Jarantula
14%
Bug / Poison (Bug / Dark until 7/18/2020) Jardrix
14%
Ghost / Basic Kettlerit
14%
Dark / Wind (Basic / Wind until 06/22/2019) Kousai
14%
Dark / Wind (Basic / Wind until 06/22/2019) Koutsuki
14%
Ice / Dark Lucifyce
14%
Light / Cosmic Lullafairy
14%
Basic / Dark Lyxic
14%
Fire / Bug Magmarva
14%
Wind / Cosmic Maltion
14%
Terra / Wind Mariposun
14%
Water Minnart
14%
Basic / Dark Miscrelyx
14%
Fire / Dark Nosfirno
14%
Fire / Terra Outlannon
14%
Metal / Fire Ovelin
14%
Terra / Ghost (Terra / Wind until 6/20/2020) Pharavil
14%
Terra / Light Pheracle
14%
Terra / Light Pheral
14%
Psychic / Fighting Phesquerade
14%
Grass / Metal Phytotitan
14%
Wind / Electric Pixbee
14%
Ice / Fighting Poladin
14%
Ghost / Fighting Potbrawler
14%
Fire / Bug Pupagma
14%
Psychic Rabbini
14%
Psychic Rabician
14%
Metal / Electric (Electric until 12/15/2018) Raditron
14%
Water / Cosmic Ramphibien
14%
Terra Ramprant
14%
Metal / Electric (Electric until 12/15/2018) Roboneer
14%
Fighting Samuring
14%
Terra / Dragon Savagaur
14%
Wind / Basic Scrambird
14%
Bug / Dragon Seren
14%
Fighting / Dragon Shogong
14%
Water / Psychic Silopsis
14%
Basic Sketchop
14%
Grass / Dragon Snapalm
14%
Light / Grass Solareign
14%
Water Sperish
14%
Metal / Fire Stolem
14%
Water / Cosmic Tadbowl
14%
Basic Tanukama
14%
Electric Tesline
14%
Wind / Basic Toritoregg
14%
Basic Ursweet
14%
Electric Voltinch
14%
Ghost / Grass Wanderwood
14%
Dragon / Fighting (Fighting / Bug until 9/19/2020) Warzerd
14%
Basic / Dark Prowlyx
0%
No matching quizzes found
Score Distribution
Percent of People with Each Score
Percentile by Number Answered
Your Score History
You have not taken this quiz since the last reset